000
00309nam a2200133Ia 4500
008
220216s9999 xx 000 0 und d
100
_a
Peng Ng Ai
245
0
_a
Density of planting
260
_b
Planters Bulletin
_c
1993
300
_a
87-99
650
_a
Planting
650
_a
Tapping systems
942
_c
JS
999
_c
56800
_d
56800